[Event "Atlantico Region-ch U18"]
[Site "Baranoa"]
[Date "2017.02.11"]
[Round "2.6"]
[White "Escobar Consuegra, Carolay"]
[Black "Fabregas Bolivar, Kennett"]
[Result "0-1"]
[WhiteElo "1298"]
[BlackElo "1346"]
[PlyCount "77"]
[EventDate "2017.02.11"]
[EventType "swiss"]
[EventRounds "5"]
[EventCountry "COL"]
[SourceTitle "EXT 2024"]
[Source "ChessBase"]
[SourceDate "2023.10.10"]
[SourceVersion "1"]
[SourceVersionDate "2023.10.10"]
[SourceQuality "1"]

1. e4 e5 2. Nf3 Nc6 3. Bc4 h6 4. c3 Bc5 5. d4 exd4 6. cxd4 Bb6 7. Nc3 d6 8. h3 Bd7 9. 0-0 Qe7 10. e5 0-0-0 11. Re1 dxe5 12. dxe5 Bxh3 13. Qb3 Be6 14. Nd5 Bxd5 15. Bxd5 Na5 16. Qd3 Qc5 17. Rd1 Ne7 18. Be3 Qxd5 19. Qxd5 Rxd5 20. Bxb6 Rxd1+ 21. Rxd1 axb6 22. Re1 Ng6 23. e6 fxe6 24. Rxe6 Nf4 25. Re4 Nd3 26. b3 Rd8 27. Nd4 Nc5 28. Rf4 g5 29. Rf6 Rxd4 30. Rxh6 Ne4 31. Rg6 Rd5 32. Re6 Nc3 33. b4 Nc6 34. a3 g4 35. Rf6 Ne2+ 36. Kf1 Ncd4 37. Re6 g3 38. Rxe2 Nxe2 39. Kxe2 0-1